| 000 | 01341nam a2200229 4500 | ||
|---|---|---|---|
| 001 | 6154 | ||
| 010 | _a9783896009760 | ||
| 021 | _b24/11976 | ||
| 090 | _a6154 | ||
| 100 | _a20260512d2012 u||y0pory50 ba | ||
| 200 |
_aAtlas infantil: O MUNDO _fMichael Hahn |
||
| 210 |
_aColónia, Alemanha _cSchwager & Steinlein _d[2012?] |
||
| 215 |
_a43 p. _cil. |
||
| 330 | _aUma viagem à volta do Mundo - quem é que ainda não sonhou com uma aventura destas? Este livro permite que o sonho se torne realidade para os leitores mais pequenos. Viajando por 15 mapas coloridos, poderão visitar os locais mais fascinantes do Mundo e aprender muito sobre cada continente. Cada mapa contém ilustrações pormenorizadas, apresentando às crianças os principais monumentos, os símbolos típicos das cidades ou paisagens, bem como as particularidades geográficas dos respetivos países e regiões. O livro inclui igualmente textos introdutórios com muitas informações fascinantes, para além de apresentar às crianças as bandeiras de cada país representado e diversas personalidades históricas. | ||
| 606 |
_9804 _aPublicação para jovens |
||
| 606 |
_9820 _aGeografia |
||
| 675 |
_a087.5 _vBN _zpor |
||
| 675 |
_a912(084.4)(0.053.5) _vBN _zpor |
||
| 700 |
_95820 _aHahn _bMichael |
||
| 801 |
_aPT _bBMVN _gRPC |
||
| 830 |
_cInês Silva _d12/05/2026 |
||
| 990 | _cLIVROS | ||